Los últimos días (Record no. 174672)
[ view plain ]
| 000 -LEADER | |
|---|---|
| campo de control de longitud fija | 00989nam a2200277 4500 |
| 001 - NÚMERO DE CONTROL | |
| campo de control | 174672 |
| 003 - IDENTIFICADOR DE NÚMERO DE CONTROL | |
| campo de control | ES-MaACL |
| 005 - FECHA Y HORA DE LA ÚLTIMA TRANSACCIÓN | |
| campo de control | 20250604062633.0 |
| 008 - DATOS DE LONGITUD FIJA--INFORMACIÓN GENERAL | |
| campo de control de longitud fija | 100514s1976 sp |||| |bspa d |
| 017 ## - NÚMERO DE COPYRIGHT O DE DEPÓSITO LEGAL | |
| Número de copyright o de depósito legal | B 22539-1976 |
| 020 ## - NÚMERO INTERNACIONAL ESTÁNDAR DEL LIBRO | |
| Número Internacional Estándar del Libro | 84-01-41080-0 |
| 080 ## - NÚMERO DE LA CLASIFICACIÓN DECIMAL UNIVERSAL | |
| Número de la Clasificación Decimal Universal | 946"1902/31" |
| 080 ## - NÚMERO DE LA CLASIFICACIÓN DECIMAL UNIVERSAL | |
| Número de la Clasificación Decimal Universal | 92 Alfonso(46)XIII |
| 100 1# - ENTRADA PRINCIPAL--NOMBRE DE PERSONA | |
| Nombre de persona | Tavera Baz, José María. |
| 9 (RLIN) | 109420 |
| 245 14 - MENCIÓN DEL TÍTULO | |
| Título | Los últimos días |
| Resto del título | : 12, 13, 14 y 15 de abril de 1931 / |
| Mención de responsabilidad, etc. | José M.ª Tavera. |
| 260 ## - PUBLICACIÓN, DISTRIBUCIÓN, ETC. | |
| Lugar de publicación, distribución, etc. | Esplugas de Llobregat (Barcelona) : |
| Nombre del editor, distribuidor, etc. | Plaza & Janés, |
| Fecha de publicación, distribución, etc. | D.L. 1976. |
| 300 ## - DESCRIPCIÓN FÍSICA | |
| Extensión | 422 p. ; |
| Dimensiones | 18 cm. |
| 490 1# - MENCIÓN DE SERIE | |
| Mención de serie | El arca de papel ; |
| Designación de volumen o secuencia | 80 |
| 599 ## - NOTA A LAS ILUSTRACIONES | |
| NOTA A LAS ILUSTRACIONES | Portada [i. e. cub.] de Espinosa. |
| 600 04 - PUNTO DE ACCESO ADICIONAL DE MATERIA--NOMBRE DE PERSONA | |
| Nombre de persona | Alfonso |
| Numeración | XIII, |
| Títulos y otros términos asociados al nombre | Rey de España |
| 9 (RLIN) | 235132 |
| 651 #4 - PUNTO DE ACCESO ADICIONAL DE MATERIA--NOMBRE GEOGRÁFICO | |
| Nombre geográfico | España- |
| Subdivisión general | Historia- |
| Subdivisión cronológica | 1902-1931, Alfonso XIII |
| 9 (RLIN) | 8276 |
| 651 #4 - PUNTO DE ACCESO ADICIONAL DE MATERIA--NOMBRE GEOGRÁFICO | |
| Nombre geográfico | España- |
| Subdivisión general | Historia- |
| Subdivisión cronológica | 1902-1931, Alfonso XIII |
| 9 (RLIN) | 8276 |
| 830 0# - PUNTO DE ACCESO ADICIONAL DE SERIE-TÍTULO UNIFORME | |
| Título uniforme | El arca de papel ; |
| Designación de volumen o secuencia | 80 |
| 9 (RLIN) | 183379 |
| 852 4# - LOCALIZACIÓN | |
| Ubicación | ES-MaACL |
| Número de control de estantería | C-57238 |
| Nota libre | . - Firma autógrafa de donante |
| Estatus retirado | Estado de pérdida | Estado de daño | No para préstamo | Biblioteca de origen | Biblioteca actual | Ubicación en estantería | Fecha de adquisición | Fuente de adquisición | Total de préstamos | Signatura topográfica completa | Código de barras | Visto por última vez | Precio de reemplazo | Tipo de ítem Koha |
|---|---|---|---|---|---|---|---|---|---|---|---|---|---|---|
| Biblioteca del Ateneo de Madrid | Biblioteca del Ateneo de Madrid | Depósito 2 | 14/05/2010 | C-57238 | 1183378 | 23/02/2023 | 23/02/2023 | Libro impreso |
